000 00799cab a2200253 4500
001 WB3029-32
008 090401t1994 xxu||||| |||| 00| 0 eng d
035 _a(Sirsi) u16673
041 _aeng
245 _aSpecific performance
260 _c1994
350 _a0
490 _aEstates Gazette Case Summaries
_v1994 EGCS 133 (23/7/94)
520 _aIn "Hedworth V Jenwise Ltd" CA 14 July 1994, dismissed the appeal by the purchaser seeking relief from forfeiture of a contract to allow specific performance.
650 _aCOMPLETION
650 _aCONTRACT
650 _aFAILURE TO COMPLETE
650 _aFREEHOLD PROPERTY
650 _aTERMINATION OF CONTRACT
650 _aVENDOR AND PURCHASER
690 _aPROPERTY LAW AND PRACTICE-CASE LAW
942 _n0
948 _c04/03/1997
999 _c11008
_d11008